Employment approaches to economic planning in developing countries with special reference to the development planning of Ceylon (Record no. 349302)

000 -LEADER
fixed length control field 00557cam a22001457a 4500
008 - FIXED-LENGTH DATA ELEMENTS--GENERAL INFORMATION
fixed length control field 180718b1972 xxu||||| |||| 00| 0 eng d
082 ## - DEWEY DECIMAL CLASSIFICATION NUMBER
Classification number R11x548 M736
100 ## - MAIN ENTRY--PERSONAL NAME
Personal name Moller, Birger
245 ## - TITLE STATEMENT
Title Employment approaches to economic planning in developing countries with special reference to the development planning of Ceylon
Statement of responsibility, etc. by Birger Moller
260 ## - PUBLICATION, DISTRIBUTION, ETC.
Place of publication, distribution, etc. Sri Lanka
Name of publisher, distributor, etc. Stockholm Institute of Asian Studies
Date of publication, distribution, etc. 1972
300 ## - PHYSICAL DESCRIPTION
Extent 305p.
650 ## - SUBJECT ADDED ENTRY--TOPICAL TERM
Topical term or geographic name entry element Employment - Sri Lanka
650 ## - SUBJECT ADDED ENTRY--TOPICAL TERM
Topical term or geographic name entry element Economic development - Sri Lanka
650 ## - SUBJECT ADDED ENTRY--TOPICAL TERM
Topical term or geographic name entry element Economic planning - Sri Lanka
Holdings
Withdrawn status Lost status Damaged status Not for loan Permanent Location Current Location Date acquired Full call number Barcode Date last seen Price effective from Koha item type
        Indian Institute of Public Administration Indian Institute of Public Administration 1993-10-29 R11x548 M736 51597 2018-07-21 2018-07-21 Book

Powered by Koha